[Event "Chinese Chess League 2019"]
[Site "Shen Yang"]
[Date "2019.12.05"]
[Round "20.3"]
[White "Wen, Yang"]
[Black "Dubov, Daniil"]
[Result "1/2-1/2"]
[WhiteElo "2586"]
[BlackElo "2690"]
[Annotator "TA"]
[PlyCount "79"]
[EventDate "2019.04.09"]
[EventType "team-tourn"]
[EventCountry "CHN"]
[SourceTitle "playchess.com"]
[Source "ChessBase"]
[SourceQuality "1"]

{[%evp 11,79,9,13,6,6,6,30,25,28,20,29,16,41,37,47,26,29,25,64,62,102,78,107,60,87,51,99,93,103,69,67,29,18,27,65,59,52,22,56,8,16,0,0,0,0,-24,-28,-30,-31,-21,-16,-15,-27,-52,0,0,0,0,0,0,0,0,0,0,0,0,0,0,0,0]} 1. e4 c5 2. Nf3 Nc6 3. d4 cxd4 4. Nxd4 Nf6 5. Nc3 d6 6. g3 g6 7. Nxc6 {B70: Sicilian Dragon: 6 g3 and 6 Be2 (without a later Be3)} bxc6 8. Bg2 e5 $146 ({Predecessor:} 8... Qc7 9. b3 Bg7 10. Bb2 O-O 11. O-O Ba6 12. Re1 Rad8 13. Qd4 e5 14. Qd2 Nd7 {½-½ (58) Wang,H (2722)-Wojtaszek,R (2727) Douglas 2018}) 9. O-O {White has an edge.} Be7 10. b3 h5 11. h3 Be6 12. Bb2 Rc8 13. Ne2 Qd7 14. Kh2 Bd8 15. Qd3 Bb6 16. Rad1 Rd8 17. Nf4 O-O 18. Nxe6 fxe6 19. Bc1 Qe7 20. Qe2 Rf7 21. f4 exf4 22. Bxf4 e5 23. Bg5 Kg7 24. Qc4 Qd7 25. Rd3 Rdf8 {[#] And now ...Ng4+! would win.} 26. Rdf3 d5 27. exd5 cxd5 28. Qe2 (28. Qb4 {keeps more tension.} Nh7 29. Rxf7+ Rxf7 30. Rxf7+ Qxf7 31. Bc1) 28... e4 29. Rxf6 Rxf6 30. Bxf6+ Rxf6 31. Rxf6 Kxf6 32. c4 {[#]} Ke5 ({Better is} 32... h4 $1 $15 {[%mdl 512]} 33. cxd5 (33. gxh4 Qd6+) 33... hxg3+ 34. Kh1 e3) 33. cxd5 {The position is equal.} Qxd5 34. Qf1 Qd2 35. Qb5+ Kd6 36. Qe8 e3 37. Qc6+ Ke7 {Strongly threatening ...e2.} 38. Qe4+ Kd8 39. Qa8+ Ke7 {Hoping for ...e2.} 40. Qe4+ {Accuracy: White = 48%, Black = 59%.} 1/2-1/2

[Event "Chinese Chess League 2019"]
[Site "Shen Yang"]
[Date "2019.12.05"]
[Round "20.4"]
[White "Atalik, Ekaterina"]
[Black "Ning, Kaiyu"]
[Result "1/2-1/2"]
[WhiteElo "2462"]
[BlackElo "2330"]
[Annotator "TA"]
[PlyCount "131"]
[EventDate "2019.04.09"]
[EventType "team-tourn"]
[EventCountry "CHN"]
[SourceTitle "playchess.com"]
[Source "ChessBase"]
[SourceQuality "1"]

{[%evp 13,131,27,25,25,29,-5,29,25,25,25,25,25,19,33,28,22,12,0,0,-18,29,36,156,157,168,158,225,239,306,302,292,294,294,293,292,294,293,293,306,280,284,239,267,221,229,195,194,188,195,195,174,104,97,98,98,97,216,211,207,192,193,12,16,17,18,18,18,19,19,19,19,7,8,0,0,0,43,44,44,44,44,44,51,51,51,51,51,51,51,0,0,0,0,0,7,0,0,0,0,0,0,0,0,0,0,0,0,0,0,0,0,0,0,0,0,0,0,0,0,0]} 1. d4 d5 2. c4 e6 3. Nf3 Nf6 4. g3 dxc4 5. Bg2 Nc6 6. Qa4 Bb4+ 7. Bd2 Nd5 8. Bxb4 {E04: Open Catalan: 5 Nf3} Ndxb4 9. Na3 Rb8 10. O-O {White has an edge.} O-O 11. Qb5 b6 12. Qxc4 Ba6 13. Nb5 Qe8 {[#]} 14. a4 $146 ({Predecessor:} 14. Rfc1 Nd5 15. Qxc6 Qxc6 16. Rxc6 Bxb5 17. Rc2 Rfc8 {½-½ (33) So,W (2780)-Caruana,F (2822) Saint Louis 2018}) 14... Qe7 15. Rfc1 Rfd8 16. e3 Rbc8 17. Qc3 $1 Bxb5 (17... Na5 $14) 18. axb5 $16 Na5 19. Ne5 c5 (19... Qd6 $16 {keeps fighting.} 20. Nc4 Nxc4) 20. bxc6 $18 Rc7 21. Ra4 Nd5 22. Bxd5 exd5 23. b4 Nc4 24. b5 Nd6 25. Qb3 Qe6 26. Rca1 Nc8 27. Nd7 h5 28. h4 f6 29. Qd1 Nd6 30. Qe2 ({Not} 30. Rxa7 Rxa7 31. Rxa7 Nxb5 $17) 30... Nxb5 31. Qxb5 Rxc6 {[#]} 32. Rxa7 (32. Nxf6+ $1 $18 Qxf6 33. Rxa7) 32... Rxd7 $16 33. Rxd7 Qxd7 $18 {[%mdl 4096] Endgame KQR-KQR} 34. Ra8+ Kh7 (34... Kf7 $16 {might work better.} 35. Qb1 Qg4) 35. Qb1+ f5 36. Rf8 g6 37. Qb4 $2 (37. Qa2 $18) 37... Qd6 $1 $11 {[%cal Rd6b4]} 38. Qxd6 Rxd6 {KR-KR} 39. Kg2 {next Rc8 is good for White.} Kg7 $1 {[%cal Rg7f8]} 40. Rb8 Kf7 $1 41. Kf3 Ke7 $1 42. Kf4 {[#] Ke5 is the strong threat.} Re6 $1 43. Kf3 Kd7 44. Ke2 Rd6 45. Kd3 Kc6 46. Kc3 Kb5 47. Kb3 Ka5 48. Ra8+ Kb5 49. Re8 Ka5 50. Re5 Kb5 51. f3 ({Better is} 51. Re7 $14) 51... Kc6 {The position is equal.} 52. Kb4 Kd7 53. Kb5 Kd8 54. g4 hxg4 55. fxg4 fxg4 56. Rg5 Ke7 57. Rxg4 Re6 58. Rg5 Rxe3 59. Rxd5 Ke6 60. Rg5 Re4 61. Rxg6+ Kd7 62. Rg7+ Kd6 63. h5 {Black must now prevent Rg8.} Rxd4 64. h6 Rh4 65. Rg6+ Ke5 66. Kxb6 {Accuracy: White = 58%, Black = 68%.} 1/2-1/2

[Event "Chinese Chess League 2019"]
[Site "Shen Yang"]
[Date "2019.12.05"]
[Round "20.5"]
[White "Ren, Xiaoyi"]
[Black "Yan, Tianqi"]
[Result "1-0"]
[WhiteElo "2257"]
[BlackElo "2240"]
[Annotator "TA"]
[PlyCount "115"]
[EventDate "2019.04.09"]
[EventType "team-tourn"]
[EventCountry "CHN"]
[SourceTitle "playchess.com"]
[Source "ChessBase"]
[SourceQuality "1"]

{[%evp 13,115,-5,-25,-24,-4,-4,-7,0,-4,-27,-25,-48,-51,-69,-64,-68,-70,-72,-71,-72,-3,-118,-69,-112,-94,-105,-49,-54,-43,-53,-43,-43,0,-56,-56,-54,-53,-83,-39,-39,-22,-54,-31,-81,0,-19,0,-48,0,-6,0,-14,-14,-14,0,0,0,0,0,0,0,0,0,0,0,0,0,0,0,0,0,0,0,-8,0,0,0,0,0,0,0,0,0,0,0,0,0,-23,-27,-33,0,0,52,0,174,167,174,183,624,618,1095,1122,954,904]} 1. d4 Nf6 2. c4 e6 3. g3 d5 4. Bg2 dxc4 5. Nf3 Nc6 6. O-O Rb8 7. a4 b6 8. Bg5 {E04: Open Catalan: 5 Nf3} Be7 9. Nbd2 $146 ({Predecessor:} 9. e3 O-O 10. Qe2 Ba6 11. Nc3 h6 12. Bxf6 Bxf6 13. Rad1 Qc8 14. Nd2 Na5 15. f4 c5 {1-0 (37) Chekletsov,I (2373)-Low,Z (2437) Prague 2018}) 9... Ba6 10. Rc1 {The position is equal.} Nxd4 11. Nxd4 Qxd4 12. Bc6+ Kf8 13. Nxc4 Rd8 $36 {[%mdl 2048] [#] And now ...Qc5 would win. Black is more active.} 14. Qb3 Qc5 15. Bxf6 gxf6 16. Na3 Qb4 (16... Qe5 $17 17. Bf3 h5) 17. Qe3 (17. Qxb4 $11 {keeps the balance.} Bxb4 18. Bb5 Bxb5 19. Nxb5) 17... Qxb2 18. Qh6+ Kg8 19. Nb5 Bf8 ({But not} 19... Qxe2 $6 20. Nxc7 Bd3 21. Ne8 $11) (19... Bxb5 $17 20. Bxb5 Bf8) 20. Qh5 {Black must now prevent Be8!} Qe5 21. Qg4+ Qg5 22. Qf3 Qe5 23. Rfd1 ({White should play} 23. Qg4+ $1 $11 Qg5 24. Qf3) 23... Rxd1+ $15 24. Rxd1 h5 25. Rd7 Bxb5 26. axb5 Bd6 27. h4 Kg7 28. Kg2 Qa1 ({Black should try} 28... f5 $17) 29. Qe4 {Threatening Qxe6.} Qe5 30. Qd3 Qc5 31. Qb3 {aiming for Qxe6.} Qe5 32. Qa2 Rf8 33. e3 Rh8 34. Qxa7 Rf8 35. Qa4 Qc5 36. Qb3 Kh6 37. Qd3 Qe5 38. Bf3 Qc5 39. Bd1 Qe5 40. Bc2 {[%csl Gc2][%cal Rd3h7]} f5 41. Qe2 Qd5+ 42. Kg1 Qa2 43. Qd2 Qc4 44. Bd3 Qb4 45. Qc1 Qa3 46. Qc2 Qa1+ 47. Kg2 Qa8+ 48. e4 f4 49. Qc3 {Hoping for Qf6+.} e5 50. gxf4 Qe8 51. Qc6 Rg8+ 52. Kf1 Qe6 ({Better is} 52... exf4 $11 53. Rxc7 Qe6 54. Rxf7 Qxf7) 53. fxe5 (53. f5 $1 $14 Qb3 54. Qc1+ Kh7 55. Qc2 Qxc2 56. Bxc2) 53... Bxe5 $2 ({Don't go for} 53... Qh3+ $2 54. Ke2 $18) (53... Rg1+ $11 {and Black is okay.} 54. Ke2 (54. Kxg1 Qg4+ 55. Kf1 Qd1+ 56. Kg2 Qg4+ 57. Kf1 Qd1+ 58. Kg2 Qg4+ 59. Kf1 $11) 54... Qxe5 55. Rxf7 Qa1) 54. Rxf7 $1 $18 Qxc6 55. bxc6 Rg4 $2 (55... Rg6 56. Re7 Bd6) 56. Re7 {White is clearly winning.} Bd6 57. Re6+ Kg7 {[#]} 58. Rxd6 $1 {[%mdl 576] Promotion. Accuracy: White = 54%, Black = 45%.} 1-0

[Event "Chinese Chess League 2019"]
[Site "Shen Yang"]
[Date "2019.12.05"]
[Round "20.6"]
[White "Ganguly, Surya Shekhar"]
[Black "Lu, Shanglei"]
[Result "1/2-1/2"]
[WhiteElo "2644"]
[BlackElo "2611"]
[Annotator "TA"]
[PlyCount "60"]
[EventDate "2019.04.09"]
[EventType "team-tourn"]
[EventCountry "CHN"]
[SourceTitle "playchess.com"]
[Source "ChessBase"]
[SourceQuality "1"]

{[%evp 15,60,19,41,26,28,6,6,14,7,6,6,6,6,10,16,5,7,6,10,15,12,11,14,9,25,10,10,3,27,29,26,32,31,25,39,6,1,0,0,0,0,0,0,0,0,0,0]} 1. e4 e5 2. Nf3 Nc6 3. Bc4 Bc5 4. O-O ({Predecessor:} 4. c3 Nf6 5. d3 O-O {½-½ (50) Voll,A (2571)-Manso Gil,A (2579) ICCF email 2016}) 4... Nf6 5. d3 O-O 6. c3 d5 7. exd5 Nxd5 8. Re1 Bg4 9. h3 $146 {C54: Giuoco Piano: 4 c3 Nf6, main lines with 5 d4 and 5 d3} (9. Nbd2 Nb6 10. h3 Bh5 11. Bb3 Qxd3 12. Nxe5 Qf5 13. Nef3 Rad8 14. Qe2 Nd5 15. Ne4 Bxf3 16. Qxf3 Qxf3 17. gxf3 {½-½ (31) Vachier Lagrave,M (2774)-Aronian,L (2758) Khanty-Mansiysk 2019}) 9... Bh5 10. b4 Be7 11. b5 Na5 12. Rxe5 Nf6 13. Nbd2 Bd6 14. Re1 Re8 15. Bb3 Rxe1+ 16. Qxe1 Qd7 17. c4 Bb4 {[#] Hoping for ...Bxf3.} 18. Qf1 c6 19. bxc6 Nxc6 20. Rb1 Bxd2 21. Nxd2 Re8 {White must now prevent ...Be2.} 22. Ne4 Nxe4 23. dxe4 Rxe4 24. Be3 Nd4 25. Bd1 (25. Rb2 $5 {[%cal Rb2d2]}) 25... Bg6 $1 {The position is equal.} 26. Rb2 h6 27. Rd2 {[#]} Rxe3 $1 {[%mdl 512]} 28. fxe3 Nf3+ $1 {[%mdl 64] Discovered Attack} 29. Bxf3 Qxd2 {[%mdl 64] Double Attack} 30. Bxb7 Qxe3+ {Accuracy: White = 73%, Black = 88%.} 1/2-1/2

[Event "Chinese Chess League 2019"]
[Site "Shen Yang"]
[Date "2019.12.05"]
[Round "20.7"]
[White "Chen, Qi b"]
[Black "Xu, Minghui"]
[Result "1/2-1/2"]
[WhiteElo "2436"]
[BlackElo "2403"]
[Annotator "TA"]
[PlyCount "60"]
[EventDate "2019.04.09"]
[EventType "team-tourn"]
[EventCountry "CHN"]
[SourceTitle "playchess.com"]
[Source "ChessBase"]
[SourceQuality "1"]

{[%evp 26,60,36,36,37,29,29,29,29,31,30,30,29,33,46,18,29,29,39,0,17,0,65,63,56,0,31,0,62,0,37,0,55,0,45,0,58]} 1. e4 e5 2. Nf3 Nc6 3. Bb5 a6 4. Ba4 Nf6 5. O-O Nxe4 6. d4 b5 7. Bb3 d5 8. dxe5 Be6 9. Nbd2 {[%cal Bb1d2,Bd2b3,Bb3c1,Bc1d3,Bd3f4][%mdl 32]} Be7 10. c3 O-O 11. Re1 Nc5 12. Nd4 Nxd4 13. cxd4 Nxb3 14. Nxb3 a5 {[%cal Ba6a5,Ba5a4][%mdl 32] C83: Open Ruy Lopez: 9 c3 Be7} 15. Be3 (15. Qc2 Qd7 16. Bd2 Bf5 17. Nc5 Bxc2 18. Nxd7 Rfd8 19. Rac1 Bf5 20. Nc5 Ra7 21. Bf4 b4 22. e6 fxe6 23. Nxe6 Bxe6 24. Rxe6 {1-0 (62) Svidler,P (2732)-Sutovsky,E (2655) Heraklio 2007}) 15... a4 16. Nc1 Bf5 {White has an edge.} 17. Nd3 Qd7 18. Rc1 Ra6 {[#]} 19. Qe2 $146 ({Predecessor:} 19. Nf4 Rd8 20. Bd2 b4 21. Qf3 Be4 22. Qe2 {1-0 (79) Friedel,J (2516)-Kaidanov,G (2595) Saint Louis 2009}) 19... Rg6 20. f3 h5 21. Nf4 Rh6 22. Nd3 Rg6 23. Qd2 c6 (23... b4 $11) 24. Nf4 $14 Rh6 25. Nd3 Rg6 26. Nf4 Rh6 27. Nd3 Rg6 28. Nf4 Rh6 29. Nd3 Rg6 30. Nf4 Rh6 {Accuracy: White = 33%, Black = 87%.} 1/2-1/2

[Event "Chinese Chess League 2019"]
[Site "Shen Yang"]
[Date "2019.12.05"]
[Round "20.8"]
[White "Wei, Yi"]
[Black "Zvjaginsev, Vadim"]
[Result "1-0"]
[WhiteElo "2724"]
[BlackElo "2626"]
[Annotator "TA"]
[PlyCount "105"]
[EventDate "2019.04.09"]
[EventType "team-tourn"]
[EventCountry "CHN"]
[SourceTitle "playchess.com"]
[Source "ChessBase"]
[SourceQuality "1"]

{[%evp 18,105,45,37,28,31,47,36,34,35,74,61,72,64,65,31,71,63,86,79,101,90,90,90,91,86,80,80,119,106,121,113,129,109,113,110,108,0,108,106,112,106,119,127,107,73,86,81,78,78,86,76,77,57,64,70,55,39,76,48,157,129,149,83,102,71,79,50,77,72,80,78,206,201,193,200,189,127,205,78,75,70,376,375,375,362,365,349,429,429]} 1. e4 c5 2. Nf3 Nc6 3. d4 cxd4 4. Nxd4 g6 5. c4 Nf6 6. Nc3 d6 7. Be2 Nxd4 8. Qxd4 Bg7 9. Be3 O-O 10. Qd3 a5 {B36: Sicilian: Maroczy Bind: Gurgenidze System} (10... Be6 11. O-O a6 12. Rac1 b5 13. cxb5 axb5 14. Nxb5 Rxa2 15. Bd4 Bd7 16. Qb3 Ra8 17. e5 Bxb5 18. exf6 Bxf6 19. Bxf6 Bxe2 20. Rfe1 exf6 {½-½ (20) Idani,P (2586)-Zvjaginsev,V (2644) Qingdao 2019}) 11. O-O a4 12. Bd4 Qa5 {White is slightly better.} 13. Rad1 Re8 $146 ({Predecessor:} 13... Bd7 14. Bxf6 Bxf6 15. Nd5 Bxb2 16. Nxe7+ Kg7 17. Qxd6 Be6 {½-½ (39) Radzhabov,R (2319)-Stankovic,M (2399) Cheliabinsk 2017}) 14. f4 e5 15. fxe5 dxe5 16. Be3 Be6 17. Nd5 Nd7 18. Kh1 Kh8 19. b4 axb3 20. axb3 {[%cal Ba2b3,Bb3b4][%mdl 32]} Rec8 21. b4 Qa3 22. Qd2 Qa2 23. c5 Qxd2 24. Bxd2 Ra2 25. Bc4 Rc2 26. Bd3 Ra2 27. Bc4 Rc2 28. Bb3 Rb2 29. Ba4 Nb8 {Black wants to play ...Bg4.} 30. Bc3 Ra2 31. Nb6 Rg8 32. Ra1 Re2 33. Rfe1 $36 {[%mdl 2048] Keeping Black busy.} Rxe1+ 34. Bxe1 f5 35. exf5 gxf5 36. Rd1 e4 37. b5 f4 38. Rd6 Bg4 (38... Bf7 $14) 39. h3 Be2 40. c6 ({Better is} 40. Bb3 Rf8 41. Bc4) 40... bxc6 $16 41. bxc6 Na6 42. Bc2 e3 43. Nd5 f3 {White must now prevent ...f2.} 44. Nxe3 {And now Be4 would win.} fxg2+ (44... Be5 $16 {was worth a try.} 45. Rh6 fxg2+ 46. Nxg2 Rf8) 45. Kxg2 $18 Be5+ 46. Kf2 Bb5 {[#] Hoping for ...Rf8+.} 47. Nf5 (47. Rd5 $1 $18 {[%cal Rd5e5]} Bg3+ 48. Kf3 Bxe1 49. Rxb5) 47... Nc7 {[#]} (47... Bc4 $16 {keeps fighting.} 48. Ba5 Ra8) 48. Ba5 (48. Be4 $1 $18 {and the rest is easy.}) 48... Re8 $16 49. Rh6 Bg7 $2 {[%mdl 8192]} (49... Nd5 $14) 50. Nxg7 $18 ({Worse is} 50. Bxc7 Re2+ 51. Kf3 Rxc2 $11) 50... Re2+ 51. Kg3 Rxc2 52. Nf5 ({And not} 52. Bxc7 Kxg7 53. Rd6 Rxc6 $11) 52... Nd5 53. Rd6 {Accuracy: White = 59%, Black = 51%.} 1-0

[Event "Chinese Chess League 2019"]
[Site "Shen Yang"]
[Date "2019.12.05"]
[Round "20.9"]
[White "Ding, Yixin"]
[Black "Shen, Yang"]
[Result "1/2-1/2"]
[WhiteElo "2438"]
[BlackElo "2410"]
[Annotator "TA"]
[PlyCount "61"]
[EventDate "2019.04.09"]
[EventType "team-tourn"]
[EventCountry "CHN"]
[SourceTitle "playchess.com"]
[Source "ChessBase"]
[SourceQuality "1"]

{[%evp 32,61,0,-12,0,-5,0,0,4,-13,0,-24,1,0,-2,0,0,0,6,0,0,0,4,0,0,0,0,0,0,0,0,0]} 1. e4 e5 2. Nf3 Nc6 3. Bb5 a6 4. Ba4 Nf6 5. O-O Be7 6. Re1 b5 7. Bb3 d6 8. c3 O-O 9. h3 Bb7 10. d4 Re8 11. Ng5 Rf8 12. Nf3 Re8 13. Nbd2 Bf8 14. d5 Nb8 {[%cal Bc6b8,Bb8d7,Bd7c5][%mdl 32]} 15. Nf1 Nbd7 16. N3h2 Nc5 17. Bc2 c6 {[%cal Rc6d5] C92: Closed Ruy Lopez: 9...Be6, Karpov and Flohr-Zaitsev Variations} 18. b4 {[#] Strongly threatening dxc6.} Ncd7 {[%cal Rc6d5]} 19. dxc6 $1 Bxc6 20. Bg5 Qc7 21. Ng3 {[%cal Bf1g3,Bg3f5,Bf5h6,Bh6f7][%mdl 32]} a5 22. Ng4 {The position is equal.} Nxg4 $1 23. Qxg4 axb4 $146 ({Predecessor:} 23... g6 24. h4 h5 25. Qf3 Bg7 26. Bb3 Nb6 27. a3 Rec8 28. Red1 Nc4 29. Bf6 Bd7 {½-½ (27) Evtushenko,S (2541)-Ruch,E (2473) ICCF email 2014}) 24. cxb4 Nb6 $1 25. Bb3 Bd7 26. Nf5 Nc4 (26... d5 $5) 27. Bd8 Raxd8 (27... Rexd8 $5 28. Nh6+ $8 Kh8 29. Nxf7+ {[%mdl 64] Double Attack} Kg8 30. Nh6+ Kh8 31. Nf7+ {[%mdl 64] Double Attack} Kg8 32. Nh6+ Kh8 33. Nf7+ $11 {[%mdl 64] Double Attack}) 28. Nh6+ $1 Kh8 29. Nxf7+ {[%mdl 64] [#] Double Attack} Kg8 30. Nh6+ $1 Kh8 31. Nf7+ {[%mdl 64] Double Attack. Accuracy: White = 68%, Black = 56%.} 1/2-1/2

[Event "Chinese Chess League 2019"]
[Site "Shen Yang"]
[Date "2019.12.05"]
[Round "20.10"]
[White "Zhu, Jiner"]
[Black "Guo, Qi"]
[Result "1/2-1/2"]
[WhiteElo "2468"]
[BlackElo "2403"]
[Annotator "RC"]
[PlyCount "63"]
[EventDate "2019.04.09"]
[EventType "team-tourn"]
[EventCountry "CHN"]
[SourceTitle "playchess.com"]
[Source "ChessBase"]
[SourceQuality "1"]
[TimeControl "5400+30"]

1. e4 {[%emt 0:00:00]} e5 {[%emt 0:00:00]} 2. Nf3 {[%emt 0:00:00]} Nc6 {[%emt 0:00:00]} 3. Bc4 {[%emt 0:00:00]} Bc5 {[%emt 0:00:10]} 4. O-O {[%emt 0:00:00]} Nf6 {[%emt 0:00:42]} 5. d3 {[%emt 0:00:03]} a6 {[%emt 0:01:42]} 6. Bb3 {[%emt 0:00:37]} d6 {[%emt 0:00:38]} 7. c3 {[%emt 0:00:09]} Ba7 {[%emt 0:00:55]} 8. Nbd2 {[%emt 0:00:20]} O-O {[%emt 0:00:15]} 9. h3 {[%emt 0:00:11]} h6 {[%emt 0:01:03]} 10. Re1 {[%emt 0:00:08]} Re8 {[%emt 0:02:26]} 11. Nf1 {[%emt 0:00:08]} Be6 {[%emt 0:00:18]} 12. Bc2 {[%emt 0:00:09]} d5 {[%emt 0:00:32]} 13. exd5 {[%emt 0:00:21]} Nxd5 {[%emt 0:03:39]} 14. Ng3 {[%emt 0:00:23]} Qd6 {[%emt 0:01:11]} 15. Qe2 {[%emt 0:04:08]} f5 {[%emt 0:00:37]} 16. Nh4 {[%emt 0:16:13]} Qf8 {[%emt 0:01:12]} 17. d4 {[%emt 0:07:29]} exd4 {[%emt 0:00:17]} 18. Qf3 {[%emt 0:00:07]} Rad8 {[%emt 0:00:07]} 19. Nhxf5 {[%emt 0:05:44]} dxc3 {[%emt 0:02:56]} 20. bxc3 {[%emt 0:07:32]} Bxf5 {[%emt 0:03:36]} 21. Rxe8 {[%emt 0:00:11]} Qxe8 {[%emt 0:06:13]} 22. Qxf5 {[%emt 0:00:48]} Qe1+ {[%emt 0:01:51]} 23. Kh2 {[%emt 0:00:07]} Bxf2 {[%emt 0:00:20]} 24. Qh7+ {[%emt 0:01:02]} Kf7 {[%emt 0:00:06]} 25. Qg6+ {[%emt 0:00:48]} Kg8 {[%emt 0:00:06]} 26. Qh7+ {[%emt 0:00:40]} Kf7 {[%emt 0:00:04]} 27. Bg6+ {[%emt 0:04:59]} Ke6 {[%emt 0:00:07]} 28. Bf5+ {[%emt 0:01:11]} Kf7 {[%emt 0:00:05]} 29. Qg6+ {[%emt 0:00:12]} Kg8 {[%emt 0:00:05]} 30. Qh7+ {[%emt 0:06:50]} Kf7 {[%emt 0:00:05]} 31. Bg6+ {[%emt 0:01:37]} Ke6 {[%emt 0:00:09]} 32. Bf5+ {[%emt 0:04:43]} 1/2-1/2

[Event "Chinese Chess League 2019"]
[Site "Shen Yang"]
[Date "2019.12.05"]
[Round "20.11"]
[White "Predke, Alexandr"]
[Black "Yu, Yangyi"]
[Result "1/2-1/2"]
[WhiteElo "2676"]
[BlackElo "2753"]
[Annotator "TA"]
[PlyCount "60"]
[EventDate "2019.04.09"]
[EventType "team-tourn"]
[EventCountry "CHN"]
[SourceTitle "playchess.com"]
[Source "ChessBase"]
[SourceQuality "1"]

{[%evp 12,60,60,0,34,51,33,65,22,0,0,0,20,0,0,9,-2,0,0,-5,-7,-2,0,0,4,0,0,0,0,0,0,0,0,0,0,0,0,0,0,0,0,0,0,0,0,0,0,-3,0,-14,-14]} 1. e4 e5 2. Nf3 Nf6 3. d4 Nxe4 4. Bd3 d5 5. Nxe5 Bd6 6. O-O O-O 7. c4 c5 {C43: Petroff Defence: 3 d4} (7... Bxe5 $5 8. dxe5 Nc6 $11) (7... Bxe5 8. dxe5 Nc6 9. cxd5 Qxd5 10. Qc2 Nb4 11. Bxe4 Nxc2 12. Bxd5 Bf5 13. g4 Bxg4 14. Be4 Nxa1 15. Bf4 f5 16. Bd5+ Kh8 17. Rc1 c6 18. Bg2 Rfd8 19. Nd2 h6 20. h4 Rd4 21. Be3 Rb4 22. b3 Nxb3 23. axb3 Bh5 24. f4 Bf7 25. Rc3 Rd8 26. Bf1 {1-0 (62) Xu,Y (2522)-Fang,Y (2502) Xinghua 2018}) 8. cxd5 Nf6 $1 9. Bg5 cxd4 {White is slightly better.} 10. Nf3 {The position is equal.} Be7 11. Re1 h6 $146 ({Predecessor:} 11... Nxd5 12. Bxe7 Nxe7 13. Nxd4 Nbc6 14. Nxc6 Nxc6 15. Nc3 Be6 16. Rc1 Rc8 17. Ne4 Nb4 18. Rxc8 Qxc8 19. Bb1 Bxa2 20. Bxa2 {½-½ (20) Simmelink,J (2192)-Broyles,J (2290) IECC email 2009}) 12. Bh4 (12. Bxf6 {is more complex.} Bxf6 13. Bc4 Nd7 14. Nbd2 Nb6 15. Bb3) 12... Nxd5 13. Bxe7 Nxe7 14. Nxd4 Nbc6 15. Nxc6 Nxc6 16. Nc3 Be6 17. Qf3 Nd4 18. Qxb7 Rb8 $1 {[%cal Rb8b7]} 19. Qe4 {[%csl Gd3][%cal Re4h7] [#]} Bf5 20. Qe3 Bxd3 21. Qxd3 Rxb2 {Strongly threatening ...Ne2+!} 22. Rad1 Ne6 23. Qxd8 Nxd8 24. Rb1 Rc2 25. Rbc1 Rxc1 26. Rxc1 Ne6 27. Kf1 Rb8 28. Rb1 Rc8 29. Nd5 {[#] Threatens to win with Ne7+.} Rc2 30. Nb4 Rc4 {Accuracy: White = 74%, Black = 85%.} 1/2-1/2